Countries That End in R - Statistics

General Stats
  • This quiz has been taken 28 times
  • The average score is 3 of 6
Answer Stats
Country % Correct
Niger
70%
Qatar
65%
Ecuador
61%
Myanmar
61%
El Salvador
52%
Madagascar
39%
No matching quizzes found
Score Distribution
Percent of People with Each Score
Percentile by Number Answered
Your Score History
You have not taken this quiz